The relationship between Islamic financing with risks and performance of commercial banks in Indonesia /
Saved in:
| Main Author: | |
|---|---|
| Format: | Thesis Book |
| Language: | English |
| Published: |
2008.
|
| Subjects: | |
| Online Access: | http://dspace.fsktm.um.edu.my/handle/1812/720 |
| Tags: |
Add Tag
No Tags, Be the first to tag this record!
|
| LEADER | 01283cam a2200313 a 4500 | ||
|---|---|---|---|
| 001 | u767754 | ||
| 003 | SIRSI | ||
| 005 | 200903261459 | ||
| 008 | 090326s2008 my t 000 0 eng m | ||
| 040 | |a UMK |d UMM | ||
| 043 | |a a-io--- | ||
| 090 | |a HF1008 |b UM 2008 Vit | ||
| 098 | |a HF1008 |b UM 2008 Vit | ||
| 100 | 0 | |a Vitria Indriani. | |
| 245 | 1 | 4 | |a The relationship between Islamic financing with risks and performance of commercial banks in Indonesia / |c Vitria Indriani. |
| 260 | |c 2008. | ||
| 300 | |a viii, 104 leaves : |b ill. ; |c 30 cm. | ||
| 502 | |a Dissertation (M.B.A.) -- Jabatan Kewangan dan Perbankan, Fakulti Perniagaan dan Perakaunan, Universiti Malaya, 2008. | ||
| 504 | |a Bibliography: leaves 101-104. | ||
| 530 | |a Also issued in CD. | ||
| 650 | 0 | |a Banks and banking |z Indonesia. | |
| 650 | 0 | |a Finance, Islamic. | |
| 650 | 0 | |a Finance (Islamic law) |z Indonesia. | |
| 710 | 2 | |a Universiti Malaya. |b Jabatan Kewangan dan Perbankan. | |
| 856 | 4 | 1 | |u http://dspace.fsktm.um.edu.my/handle/1812/720 |
| 900 | |a NSR-ZA | ||
| 596 | |a 1 19 | ||
| 999 | |a HF1008 UM 2008 VIT |w LC |c 1 |i A513448604 |d 6/8/2011 |e 6/8/2011 |f 28/1/2010 |g 1 |l STACKS |m P01UTAMA |n 2 |r Y |s Y |t TESIS |u 26/1/2010 | ||
| 999 | |a HF1008 UM 2008 VIT |w LC |c 1 |i A513448119 |d 15/6/2010 |f 15/6/2010 |g 1 |l STACKS |m P19KOTA |r Y |s Y |t TESIS |u 15/6/2010 | ||
